Normal view
MARC view
- Supervised by Dr. Imran Makhdoom
Entry Personal Name
001 - CONTROL NUMBER
- control field: 132622
003 - CONTROL NUMBER IDENTIFIER
- control field: NUST
005 - DATE AND TIME OF LATEST TRANSACTION
- control field: 20251230132917.0
008 - FIXED-LENGTH DATA ELEMENTS
- fixed length control field: 251230|| aca||aabn | a|a d
040 ## - CATALOGING SOURCE
- Original cataloging agency: NUST
- Transcribing agency: NUST
100 ## - HEADING--PERSONAL NAME
- Personal name: Supervised by Dr. Imran Makhdoom
670 ## - SOURCE DATA FOUND
- Source citation: Work cat.: (NUST)603366: Ahmad, Faizan 118413, Autonomous Intelligence-based Security & Surveillance System (AISS) /
